Decoding by Patterns - Statistics

General Stats
  • This quiz has been taken 21 times
  • The average score is 2 of 6
Answer Stats
Hint Legend Answer % Correct
19.1.14.4.23.9.3.8 A=1, B=2, C=3, D=4… Sandwich
100%
28.120.120.10.78.231.6.66 A=1, B=3, C=6, D=10… Good luck
21%
225.196.25.225.9.144.225.9.121 A=1, B=4, C=9, D=16… One o’ clock
21%
11.13.9.13.29.7.13.39 M=29, N=31, O=33, P=35… December
11%
65.68.11.62.77.11.62.65 W=77, X=80, Y=83, Z=86… Star Wars
11%
23.37.47.79.11.97.47.73 A=2, B=3, C=5, D=7… I love you
5%
No matching quizzes found
Score Distribution
Percent of People with Each Score
Percentile by Number Answered
Your Score History
You have not taken this quiz